000
00337nam a2200133Ia 4500
008
100328s9999 xx 000 0 und d
082
_b
67333
100
_a
मेंगजी अशोक.
245
_a
तडफड.
260
_b
चंद्रमौळी.
630
_a
तडफड.
730
_a
तडफड.
942
_c
BOOK
999
_c
553072
_d
553069